| 000 -LEADER |
| fixed length control field |
00525nam a22001937a 4500 |
| 003 - CONTROL NUMBER IDENTIFIER |
| control field |
SLTCLib |
| 008 - FIXED-LENGTH DATA ELEMENTS--GENERAL INFORMATION |
| fixed length control field |
260604b ce ||||| |||| 00| 0 eng d |
| 020 ## - INTERNATIONAL STANDARD BOOK NUMBER |
| International Standard Book Number |
9781718503403 |
| 041 ## - LANGUAGE CODE |
| Language code of text/sound track or separate title |
English Language |
| 080 ## - UNIVERSAL DECIMAL CLASSIFICATION NUMBER |
| Universal Decimal Classification number |
004.43=93 |
| Item number |
SWE |
| 100 ## - MAIN ENTRY--PERSONAL NAME |
| Personal name |
Sweigart, AI |
| 9 (RLIN) |
3562 |
| 245 ## - TITLE STATEMENT |
| Title |
Automate the Boring Stuff with Python |
| Remainder of title |
Practical Programming for Total Beginners |
| 250 ## - EDITION STATEMENT |
| Edition statement |
3rd. |
| 260 ## - PUBLICATION, DISTRIBUTION, ETC. (IMPRINT) |
| Name of publisher, distributor, etc |
William Pollock |
| Date of publication, distribution, etc |
2025 |
| 300 ## - PHYSICAL DESCRIPTION |
| Extent |
622p. |
| 650 #0 - SUBJECT ADDED ENTRY--TOPICAL TERM |
| 9 (RLIN) |
3132 |
| Topical term or geographic name as entry element |
Programming languages |
| 650 #0 - SUBJECT ADDED ENTRY--TOPICAL TERM |
| 9 (RLIN) |
2267 |
| Topical term or geographic name as entry element |
Python |
| 942 ## - ADDED ENTRY ELEMENTS (KOHA) |
| Source of classification or shelving scheme |
|
| Koha item type |
Reference Materials |
| 945 ## - LOCAL PROCESSING INFORMATION (OCLC) |
| a |
3725 |
| b |
Ishara wickramage |
| c |
3725 |
| d |
Ishara wickramage |